[Event "Mechanics' June TNM"]
[Site "San Francisco"]
[Date "2021.06.16"]
[Round "3.1"]
[White "Biyiasas, Theodore"]
[Black "Griffith, Kyron"]
[Result "0-1"]
[WhiteElo "1982"]
[BlackElo "2351"]
[Annotator "de Firmian, Nick"]
[PlyCount "152"]
[EventDate "2021.06.01"]
[EventType "swiss"]
[EventRounds "5"]
[EventCountry "USA"]
[WhiteTeam "United States"]
[BlackTeam "United States"]
[WhiteTeamCountry "USA"]
[BlackTeamCountry "USA"]

{[%evp 0,152,28,28,28,4,3,-1,-3,-22,0,0,8,21,41,40,40,40,57,60,68,46,59,19,28,
29,35,37,48,42,40,23,44,55,55,55,38,-46,33,59,74,80,192,50,44,-22,-22,-6,18,0,
24,26,62,24,144,144,144,144,144,182,137,80,80,92,92,94,102,102,102,95,92,85,85,
95,109,110,111,122,132,65,86,57,64,25,25,21,21,0,0,0,87,21,21,0,0,-12,-9,-9,
-22,-25,-8,-67,0,0,0,-20,0,0,0,0,0,0,0,0,90,90,90,90,94,48,48,0,0,0,0,0,0,0,0,
0,0,0,0,0,0,0,0,0,0,0,4,-17,-18,-29983,-29984,-29989,-29982,-29991,-29990,
-29991,-29992,-29997,-29998,-29999,-30000]} 1. d4 Nf6 2. c4 e6 3. Nc3 Bb4 4.
Qc2 Nc6 {Sometimes called the Zurich Variation. It's nowhere near as frequent
as the three big moves, but not for anything wrong with it.} (4... d5) (4... c5
) (4... O-O) ({And it's worth noting that the even less popular} 4... d6 {
outscores them all (and has been seen played by Carlsen).}) 5. Nf3 d6 6. Bd2 {
White goes with the gentle development of the dark-squared bishop, while
putting Black's counterpart on notice.} O-O 7. a3 Bxc3 8. Bxc3 Qe7 9. e3 a5 10.
b3 e5 11. Be2 (11. d5 $5 Nb8 12. Nd2 $14) 11... e4 12. Nd2 {[#] White has the
two bishops (although they have yet to come into their own), while Black looks
to maintain his advanced pawn. In sum the position favors White slightly, but
a whole game ahead.} Bf5 $146 (12... d5 13. Bb2 Bf5 14. Rc1 Rad8 15. h3 Rfe8
16. Qc3 h5 17. c5 Bd7 18. a4 h4 {1/2-1/2 (72) Quan,Z (2303)-Hutters,T (2400)
Kitchener 2003}) 13. h3 h5 {[#]} 14. g4 $5 {Radical.} (14. Qd1 $16 {seems
counterproductive but still intends to press forward on the kingside.}) 14...
hxg4 $6 {The open h-file favors White of course.} (14... Bg6 $1 $14) 15. hxg4
$16 Nxg4 $6 (15... Bxg4 $16 16. d5 Ne5 17. Nxe4 {still causes Black difficult
problems,} Nxe4 18. Qxe4 f5 19. Qf4) 16. Bxg4 $18 Bxg4 {[#]} 17. f3 $1 {
White gets a dream attacking scenario, with diagonals and files all pointing
to a king whose forces don't seem to care.} (17. Qxe4 Qxe4 18. Nxe4 Bf5 $11) (
17. d5 Ne5 $17) 17... Bf5 {[#]} 18. fxe4 $2 {Too soon! It was just the right 
(i.e. last) moment to evacuate White's own king and add another rook to the
fire:} (18. O-O-O $1 $18 Bg6 19. Nxe4 Bxe4 20. fxe4) 18... Bg6 $2 ({And Black
could have stopped that very arrangement:} 18... Bg4 $1 $17 {A defensive ...f5
takes care of the king, while ...Rae8 will still be uncomfortable for White's
king.}) 19. O-O-O $1 $18 {White is back on track.} Rfe8 20. Rdg1 $1 b5 $6 {
Objectively just making things worse, but in practice Black has to do
something to at least seem to be counterattacking.} (20... Bxe4 $2 21. d5 $1 f6
{no choice:} (21... Bxc2 $4 22. Rxg7+ Kf8 23. Rh8#) (21... Ne5 $2 22. Nxe4) 22.
Nxe4 Qxe4 23. Qh2 Qxe3+ 24. Bd2 {with multiple threats.}) (20... Qf6 {is a
better defense.} 21. Rg2 Rad8) 21. d5 $6 (21. cxb5 {would have called Black's
bluff.} Nb4 22. axb4 axb4 23. Bb2 (23. Bxb4 {is winning as well}) 23... d5 {
desperate to close the long diagonal, but now even} 24. Rxg6 fxg6 25. exd5 {
is disaster.}) 21... b4 {[#]} 22. Ba1 $3 {Excellently keeping the guns aimed.}
(22. dxc6 bxc3 23. Qxc3 Qe5 $11) 22... Ne5 23. a4 {Very logical, sealing the
queenside.} (23. c5 $1 $18 {is one of those computer moves that makes sense
eventually. The c-file stays closed, but c4 is available for the white knight,
and White gets there first. But who wants to stare down} a4 $5) 23... Qf6 ({On
} 23... c6 $16 {White has} 24. Nf1 {getting out of the way to play Qh2.}) 24.
Bd4 $6 {White is having trouble finding a knockout and divigates.} (24. Rg3 $18
) 24... Qf2 (24... c5 $5 $16 25. dxc6 Rac8 {is still better for White -- Black
hasn't broken through there yet.}) 25. Qd1 $1 {Another excellent solution by
Theo -- Black's knight has to seriously consider relocating (and opening the
long diagonal again).} Nd3+ 26. Kb1 $1 (26. Kc2 $2 Nc5 $11 {and White's knight
is pinned}) 26... Rxe4 {Best try, but with accurate defense insufficient.} 27.
Nxe4 Bxe4 28. Rxg7+ {Still good for White} ({Precarious but winning was} 28.
Ka1 $1 Bxh1 29. Qg4 $1 g6 (29... Kf8 30. Rxh1 $1 $18) 30. Rxh1 Ne5 31. Qh3 Kg7
32. Qh6+ Kf6 33. Qf4+) 28... Kf8 29. Ka1 (29. Rh8+ Ke7 $11) 29... Bxh1 {[#]}
30. Qxh1 $2 {The knight was more troublesome and should have been removed:} (
30. Qxd3 $1 $18 Re8 31. Qh7 Rxe3 32. Rg8+ Ke7 33. Bxe3 Qe1+ (33... Qxe3 {
White ignores the bishop and mates directly:} 34. Qh4+ f6 35. Qh7#) 34. Kb2
Qe2+ 35. Qc2 Qxe3 36. Qc1 $18 {White avoids the perpetual, when Black's king
is in trouble.}) 30... Qe1+ $2 (30... Ne1 $11 31. Bb2 (31. Rg8+ Ke7 $11) 31...
Nd3) 31. Qxe1 $16 Nxe1 {And it's into an ending, but there are still tactical
problems...} 32. Bf6 $1 Rc8 {[#]} 33. Kb1 (33. c5 $3 {There is still a mating
attack!} dxc5 34. e4 {The pawn goes to e6, the rook to h7.} c6 $1 (34... Nd3
35. Rh7 Ke8 36. e5 Nf4 37. e6 $1 fxe6 38. dxe6 Nxe6 39. Re7+) 35. d6 Ke8 36. e5
Nc2+ 37. Kb2 Nd4 38. Rh7 c4 $1 39. bxc4 c5 {White is better, but the win isn't
apparent just yet.}) 33... Nd3 34. Kc2 Nc5 35. Rh7 {[%cal Rh7h8]} Ke8 36. Bd4
Ne4 (36... Nb7 $16) 37. Rh4 Ng3 38. e4 (38. Kd3 $5) 38... Ke7 (38... Ne2 $16)
39. Bf2 (39. Kd3 $18 {It was surprising that Biyiasas didn't automatically put
his king vis-a-vis Black's knight to keep it off squares.}) 39... Ne2 40. Kd2
Nc3 41. Bd4 (41. Kd3 $16 {and again}) 41... Rg8 $11 42. Bxc3 Rg2+ 43. Kc1 bxc3
44. Rh3 c2 45. Rc3 Re2 46. Rxc2 Rxe4 47. Kd2 {Rh2-h8-a8xa5 takes a while, but
in any case the rook had to be activated.} Rh4 48. Kc3 Rh3+ 49. Kb2 f5 {[#]}
50. Rc3 $2 (50. Re2+ $11 Kf6 51. Re6+ Kg5 52. Re7) 50... Rh7 $2 ({And it was
surprising that Kyron didn't see} 50... Rxc3 $1 $19 {as winning:} 51. Kxc3 f4 {
just in time.} 52. Kd2 Kf6 53. b4 axb4 54. a5 f3 55. a6 f2 56. Ke2 f1=Q+ 57.
Kxf1 b3 58. a7 b2 59. a8=Q b1=Q+ 60. Ke2 Qc2+ 61. Ke3 Qc3+ $1 62. Kf2 Qxc4 {
and the Lomonosov Tablebase helpfully declares "Black mates in 75"}) 51. Re3+
Kf6 52. b4 f4 53. Re6+ Kf5 (53... Kg5 $1 $15 54. bxa5 Rh8) 54. bxa5 {Suddenly
White has chances!} f3 55. Re8 Rf7 56. a6 $1 {[%cal Ra6a7]} f2 57. a7 f1=Q 58.
a8=Q {If only Theo had more time...} Qxc4 59. Qc8+ Kf4 60. Qe6 Qb4+ 61. Kc1
Qc4+ 62. Kb2 Qb4+ 63. Kc1 Qa3+ 64. Kd2 Qb2+ 65. Kd1 Qb1+ 66. Kd2 {Threatening
mate with Qe3+.} Qa2+ 67. Kc1 Qa1+ 68. Kd2 Qd4+ 69. Kc1 Rf5 {[#]} 70. Qe2 Qa1+
{[#]} (70... Qxd5 $2 71. Qe3+ Kg4 72. Rg8+ $1 Qxg8 73. Qg1+ Kh5 74. Qxg8 $18) (
70... Rxd5 $2 71. Qh2+ Kg4 72. Rg8+) 71. Kd2 $4 (71. Kc2 $1 Qa2+ (71... Qxa4+
72. Kb2 Qd4+ {is drawn (Black takes d5, White initiates a perp) as long as
White avoids} (72... Qb4+ {is just perpetual}) {losing the d-pawn with check:}
73. Kb3 $4 ({the trade of queens and rook and two connected pawns vs. rook 
(almost always lost):} 73. Kc1 $4 {73.Kb1 0.00 [#]} Qa1+ $1 74. Kc2 Qa2+ 75.
Kc3 Qxe2 76. Rxe2 Rxd5) (73. Kc2 $11) (73. Ka3 $11) (73. Kb1 $11) (73. Kb1 $11
{and White is okay.} Qxd5 74. Qe3+ Kg4 75. Rg8+ Rg5 76. Qg1+ Kf4 77. Qf1+ Ke4
78. Qh1+ Kd4 79. Qh4+ Kc3 80. Qe1+ Kd3 81. Qf1+ Ke4 82. Qh1+ Kd4 83. Qh4+ Kc3
84. Qe1+ Kd3 85. Qf1+ Ke4)) 72. Kc3 Qxe2 73. Rxe2 Rxd5 74. Ra2 Ra5 75. Kb4 Ra6
76. a5 c6 {is drawn.}) (71. Kc2 $11 Qa2+ 72. Kc3 Qxe2 73. Rxe2 Rxd5 74. Kb4)
71... Rxd5+ {The worst of them all: mate follows shortly.Black mates.} 72. Kc2
Qxa4+ ({Slightly faster is} 72... Qa2+ 73. Kc1 Rc5+) 73. Kc3 Qa3+ 74. Kc2 Rc5+
75. Kd2 Qc3+ 76. Kd1 Qc1# {What an epic! Biyiasas outplayed Griffith to a
point, but he seemed to run out of batteries and collapsed at the end. But
credit to the New In Chess "2020 Swindle of the Year" winner (!) for keeping
his chances and grabbing them when they appeared.} 0-1

[Event "Mechanics' June TNM"]
[Site "San Francisco"]
[Date "2021.06.15"]
[Round "3.2"]
[White "Winslow, Elliott"]
[Black "Harris, Harris"]
[Result "1-0"]
[WhiteElo "2278"]
[BlackElo "1827"]
[Annotator "de Firmian, Nick"]
[PlyCount "81"]
[EventDate "2021.06.01"]
[EventType "swiss"]
[EventRounds "5"]
[EventCountry "USA"]

{[%evp 0,81,28,42,52,43,91,65,62,42,34,30,73,28,28,15,15,11,20,20,28,-33,8,0,
16,-30,42,-11,50,58,62,76,9,61,154,78,51,51,56,51,54,5,5,5,109,102,117,73,56,
40,40,-27,78,67,95,-39,146,93,93,49,66,52,167,115,104,58,88,-37,100,0,95,123,
148,140,148,148,148,183,179,151,29985,29986,29987,29988]} 1. e4 c5 2. Nf3 d6 3.
d4 cxd4 4. Nxd4 Nf6 5. Nc3 a6 6. h3 $5 {This move goes back to Weaver (not
Michael!) Adams in the 1950s, a poetic response to 5...a6. White aims to get
in g2-g4 after all.} e5 7. Nde2 Be7 ({The main battle involves the modern} 7...
h5 {(well, there are isolated instances in the 1970s), when the question
remains: whose h-pawn move is better? Top grandmaster discussion continues
with no clear result.}) 8. g4 O-O {All sorts of alternatives have been tried
within the last year here.} 9. Ng3 {White has a lot of moves he'd like to get
in, but only one at a time. So he aims for g4-g5 without allowing ...Nh5.} (9.
Be3 {is certainly one of them, with some pedigree:} Nbd7 10. a4 Nb6 11. Bg2 Be6
12. O-O Nc4 13. Bc1 Rc8 14. b3 Nb6 15. a5 Nbd7 16. Be3 {(That was quite a
sparring they went through!)} Re8 17. Nd5 Bxd5 18. exd5 Nf8 19. Ng3 N6d7 20.
Qd2 Ng6 21. Nf5 h6 {1/2-1/2 (47) Lombardy,W-Fischer,R New York 1958}) 9... Be6
(9... Ne8 $5 {aims at the dark squares before White can grab them, but White
still comes out on top.} 10. Nd5 Bh4 11. Be3 Nc6 12. Qd2 Nd4 $5 13. O-O-O (13.
Bxd4 exd4 14. Qxd4 {really isn't so bad, if a bit antithetical (often a pawn
for the dark squares is a fair trade).}) 13... Nf6 14. Nxf6+ Bxf6 15. c3 Qa5 $5
16. cxd4 $18 Qxa2 17. Qb4 {1-0 (35) Kupreichik,V (2535)-Dvoirys,S (2590)
Leeuwarden 1993}) 10. g5 $146 {[#]White has to be careful not to take on too
many obligations.} (10. Bg2 {was what few games had been played so far.}) 10...
Ne8 $146 {Could be a problem on b6.} (10... Nfd7 11. h4 Nc6 12. Nd5 b5 13. Be3
Rc8 14. Qd2 Nc5 15. O-O-O Bxd5 16. exd5 Na5 $16 {1-0 (31) Lambert,M (1962)
-Bello,J ICCF email 2018} 17. b4 $4 Nab3+) 11. h4 Nc6 {See previous concern.}
12. Be3 Qa5 13. Qd2 b5 14. Bg2 f6 15. O-O {White finally commits to the
kingside with the king (Black had clearly made 0-0-0 inhospitable).} fxg5 16.
hxg5 Rd8 $6 {This ends up being a problem, taking away a queen retreat. But
he's thinking about ...d5.} (16... Rc8 $16 {guards the knight in some
variations.}) 17. Nf5 $5 {White was trying to work the hanging knight on c6
into the works. But} (17. a4 $1 $18 {works better here:} Qb4 18. axb5 axb5 19.
Qd1 $1 (19. Nf5 {is something as well}) (19. Qc1 $5) 19... Qxb2 20. Nd5 {
is trouble for Black.}) 17... Nc7 (17... d5 $1 {was his intention, and he
shouldn't have assumed White had stopped it! White has a path to an advantage:}
18. Nxd5 Qxd2 19. Bxd2 Bc5 (19... Bxf5 $2 20. exf5 Rxf5 21. Nxe7+ Nxe7 22. Rad1
$18 {and the two bishops will cut up the knights.}) {when Stockfish surprises
with} 20. Be3 Bxe3 21. fxe3 $1 {[#] (the knight recaptures are actually just
as good)}) 18. a3 $16 {[%cal Ba2a3,Ba3b4] Suddenly Black's queen is concerned!}
b4 {[#]} 19. Nxe7+ {White had a "concept" that he couldn't let go of.} (19.
axb4 Qxb4 20. Rfd1 {was the sober approach, in the style of Mickey (not Weaver)
Adams.}) 19... Nxe7 20. Nd5 {What? Well, White wins a pawn!} (20. Na2 Qb5 {
White takes the pawn, but then has to contend with ...Ng6! with dangerous
kingside play.}) ({But best is} 20. Ne2 $16 {was a serious advantage, even if
Black still play. The kingside help is definitely significant. Note} Qb5 21.
axb4 Bc4 22. Rfd1 $1 {maintaining pressure as well as the pawn.}) 20... Ncxd5
21. exd5 Bf5 $5 (21... Bxd5 $2 22. axb4 Qb5 23. Ra5 $18) (21... Nxd5 $5 22.
axb4 Qb5 $1 (22... Qxb4 $4 23. Bxd5 Qxd2 24. Bxe6+) 23. Ra5 Nxe3 $1 24. Rxb5
Nxf1 25. Bxf1 axb5 26. Bxb5 {is still advantage White, but the glaring
problems (f-file? ...d5?) will require White to play with accuracy to collect
a point.}) 22. axb4 Qb5 {[#]} 23. b3 $6 ({White should try} 23. f4 $1 $16 exf4
24. Bxf4 {to cover e5} (24. Rxf4 Ng6 $16)) 23... Ng6 $11 {Black's counterplay
is substantial and rather scary. White now took a lot of time to not get
checkmated.} 24. f3 (24. f4 $1 $11 exf4 25. Bxf4 Bxc2 $1 26. Bxd6 $1 Rxd6 27.
Rxf8+ Nxf8 28. Qxc2 Qxb4 {leaves White with next to nothing.}) 24... Nh4 $17 {
Black has strong compensation.} 25. Bh1 {White's convoluted defense tricked up
his less experienced opponent but probably wasn't so brilliant.} (25. Bf2 $15
Nxg2 26. Kxg2) 25... Bc8 $6 (25... Bh3 $17 26. Rf2 {Perhaps some exchange
sacrifice was called for} Qe8 {is quite dangerous}) 26. c4 Qe8 (26... Qd7 $5
27. Qh2 Ng6 {regroups}) 27. Qh2 $1 {[%cal Rh2h4]} Nf5 ({Black should play} 
27... Qh5 $17 {threatening ...Rxf3, and it's hard to stop it.}) 28. Bb6 $5 {
Trying to harass Black but just helps to mobilize that rook.} (28. Bd2 Nd4 29.
f4 {is madness but seems to draw.}) 28... Rd7 29. f4 {[#]} (29. Rae1 $5 $15 Rb7
30. Bf2) 29... e4 $6 {Harris saw a new type of plus, a passed pawn, but White
can keep a pretty good eye on it.} (29... Rb7 $1 {would have been timely and
advantageous, since} 30. Rxa6 $4 Rb8 {works.}) 30. Rae1 Re7 31. Re2 {Wrong
rook probably.} (31. Rf2 $11) 31... h6 32. Rfe1 (32. Be3 $11 {remains equal.})
32... e3 $17 33. gxh6 $2 {[#]} (33. c5 $17 {is more resistant.} Nd4 34. cxd6
Nxe2+ 35. Qxe2 (35. Rxe2 Ref7 $17)) 33... gxh6 $2 (33... Rf6 $19 34. h7+ Kh8
35. Bxe3 Nxe3 {as pointed out by the computer, is a win. For Black.}) 34. Bf3
$1 $36 {The g-file cuts both ways.} Rg7+ (34... Kh7 $11) 35. Rg2 $16 {They
were scrambling at this point, with clocks running out.} Rxg2+ 36. Bxg2 {
Hoping for Bxe3!} ({White had been planning} 36. Kxg2 Qg6+ 37. Kh1 Ng3+ 38.
Qxg3 (38. Kg2 $2 Ne4+ 39. Kf1 Nd2+ 40. Ke2 Qc2 $19) (38. Kg1 Rxf4 $17) {but}
38... Qxg3 39. Rg1 Qxg1+ 40. Kxg1 Rxf4 41. Kg2 Bg4 {is won for Black.}) (36.
Qxg2+ $6 Kh7 $11) 36... Kh7 $2 {[#]} ({Better is} 36... Rf7 $1 {but White
still has his chances:} 37. Qh5 $1 $16) 37. Bxe3 $1 $18 {White produces a
tactical sequence that seems to work well.} Nxe3 38. Qg3 Rg8 39. Rxe3 Qh5 $2 (
39... Qf7 $18 40. Qe1 $1) (39... Rxg3 40. Rxe8 Bh3 (40... Bg4 41. c5) 41. Kh2)
40. Re7+ Kh8 41. Qc3+ {To Harris's credit, a hard fought battle with excellent
chances taken when they materialized.} 1-0

[Event "Mechanics' June TNM"]
[Site "San Francisco"]
[Date "2021.06.16"]
[Round "3.3"]
[White "Penagalapati, Abhinav"]
[Black "Argo, Guy"]
[Result "1-0"]
[WhiteElo "1916"]
[BlackElo "1845"]
[PlyCount "61"]
[EventDate "2021.06.01"]
[EventType "swiss"]
[EventRounds "5"]
[EventCountry "USA"]
[WhiteTeam "United States"]
[BlackTeam "United States"]
[WhiteTeamCountry "USA"]
[BlackTeamCountry "USA"]

1. d4 f5 2. Bf4 Nf6 3. e3 d6 4. Nc3 c6 5. Bd3 Qa5 6. Nf3 Nbd7 7. Bg3 g6 8. Ng5
Bh6 9. h4 Bxg5 10. hxg5 Ne4 11. Bxe4 fxe4 12. Qd2 Qf5 13. O-O-O d5 14. Bf4 b5
15. f3 exf3 16. gxf3 O-O 17. Rh6 Rf7 18. Rdh1 Nf8 19. Qh2 a5 20. Ne2 Qd7 21.
Be5 Qf5 22. Nf4 Ba6 23. Qg2 Rg7 24. Bxg7 Kxg7 25. Qh2 Qxg5 26. Rxh7+ Kf6 27.
Rh8 Rc8 28. Rg1 Qf5 29. Qh6 Kf7 30. Nd3 b4 31. Ne5+ 1-0

[Event "Mechanics' June TNM"]
[Site "San Francisco"]
[Date "2021.06.16"]
[Round "3.4"]
[White "Rajaram, Rohan"]
[Black "Clemens, Kristian"]
[Result "1/2-1/2"]
[WhiteElo "1530"]
[BlackElo "1919"]
[PlyCount "67"]
[EventDate "2021.06.01"]
[EventType "swiss"]
[EventRounds "5"]
[EventCountry "USA"]
[WhiteTeam "United States"]
[BlackTeam "United States"]
[WhiteTeamCountry "USA"]
[BlackTeamCountry "USA"]

1. d4 d5 2. c4 e6 3. Nc3 Be7 4. cxd5 exd5 5. Bf4 Nf6 6. e3 Bf5 7. Nge2 c6 8.
Ng3 Bg6 9. Bd3 Bxd3 10. Qxd3 g6 11. O-O O-O 12. Rfe1 Nbd7 13. e4 dxe4 14. Ngxe4
Nxe4 15. Nxe4 Nf6 16. Rad1 Nxe4 17. Rxe4 Bf6 18. Rde1 Qd7 19. Be5 Bxe5 20. Rxe5
Rad8 21. R1e4 Rfe8 22. Rxe8+ Rxe8 23. h3 Re6 24. Qe3 Qd5 25. Rxe6 fxe6 26. Qf4
Qxa2 27. Qb8+ Kg7 28. Qxb7+ Kh6 29. Qe7 Qb1+ 30. Kh2 Qf5 31. Qh4+ Kg7 32. Qe7+
Qf7 33. Qxf7+ Kxf7 34. Kg3 1/2-1/2

[Event "Mechanics' June TNM"]
[Site "San Francisco"]
[Date "2021.06.16"]
[Round "3.5"]
[White "Weng, Nicholas"]
[Black "Mercado, Adam"]
[Result "1-0"]
[WhiteElo "1731"]
[BlackElo "1731"]
[Annotator "de Firmian, Nick"]
[PlyCount "83"]
[EventDate "2021.06.01"]
[EventType "swiss"]
[EventRounds "5"]
[EventCountry "USA"]
[WhiteTeam "United States"]
[BlackTeam "United States"]
[WhiteTeamCountry "USA"]
[BlackTeamCountry "USA"]

1. e4 e5 2. Nf3 Nc6 3. Bb5 a6 4. Ba4 Nf6 5. O-O Be7 6. Re1 b5 7. Bb3 O-O 8. h3
d6 9. c3 Na5 10. Bc2 c5 11. d4 Qc7 12. d5 Nc4 13. b3 Nb6 14. a4 Qb7 $5 $146 (
14... Ne8 $5) 15. Nbd2 Bd7 $6 16. c4 (16. a5 $5 Nc8) 16... bxc4 17. bxc4 a5 18.
Qe2 Rab8 19. g4 g6 20. Nb3 Qa6 21. Bd2 Qxc4 22. Qxc4 Nxc4 23. Nxa5 Nxd2 24.
Nxd2 Rb2 25. Rec1 Ra8 26. Nac4 Rb4 27. Rcb1 Rbb8 28. f3 Kg7 29. a5 Rxb1+ 30.
Nxb1 Ne8 31. Nb6 Ra7 32. Nd2 Bd8 33. Rb1 Rxa5 34. Nxd7 Ra7 35. Rb8 Bg5 36. Nc4
Rxd7 37. Rxe8 Bd8 38. Ba4 Ra7 39. Rxd8 Rxa4 40. Nxd6 Ra2 41. Rd7 Kf6 42. h4 1-0

[Event "Mechanics' June TNM"]
[Site "San Francisco"]
[Date "2021.06.15"]
[Round "3.6"]
[White "Kaplan, Glenn"]
[Black "Heidari, Ako"]
[Result "0-1"]
[WhiteElo "1772"]
[BlackElo "1980"]
[PlyCount "85"]
[EventDate "2021.06.01"]
[EventType "swiss"]
[EventRounds "5"]
[EventCountry "USA"]

1. e4 e5 2. Nc3 Nf6 3. g3 d5 4. exd5 Nxd5 5. Bg2 Ne7 6. Nf3 Nbc6 7. d3 g6 8.
O-O Bg7 {[#]} 9. Bd2 O-O 10. Qc1 Nf5 11. Nd1 Ncd4 12. Nxd4 Nxd4 13. Re1 Bg4 14.
f3 Be6 15. Nf2 Rc8 16. Ne4 c5 17. Bh6 f5 18. Bxg7 Kxg7 19. Ng5 Bg8 20. Nh3 c4
21. Qd2 cxd3 22. cxd3 {[#]} Nc2 23. Qe2 Qd4+ 24. Kh1 Nxa1 25. Rxa1 Rfe8 26. Nf2
Bd5 27. g4 f4 28. h4 b5 29. Nh3 h6 30. Qd2 a5 31. Qxa5 Qxb2 32. Rf1 Bf7 33. Rf2
Qb1+ 34. Bf1 Ra8 35. Qc7 Rxa2 36. Kg2 Rxf2+ 37. Nxf2 Qa2 38. g5 hxg5 39. hxg5
b4 40. Kg1 Qe6 41. Ne4 Qe7 42. Qb6 b3 43. Nd6 {time scramble - Black won} 0-1

[Event "Mechanics' June TNM"]
[Site "San Francisco"]
[Date "2021.06.15"]
[Round "3.7"]
[White "Mahooti, James"]
[Black "Guo, Andrew"]
[Result "0-1"]
[WhiteElo "1800"]
[BlackElo "1925"]
[PlyCount "118"]
[EventDate "2021.06.01"]
[EventType "swiss"]
[EventRounds "5"]
[EventCountry "USA"]

1. d4 Nf6 2. c4 g6 3. Nc3 Bg7 4. e4 d6 5. h3 Nbd7 6. Be3 O-O 7. Qd2 e5 8. d5
Nc5 9. f3 a5 10. g4 Nfd7 11. O-O-O Ra6 12. h4 f5 {[#]} 13. gxf5 gxf5 14. exf5
Nb6 15. Bxc5 dxc5 16. Bd3 Bxf5 17. Ne4 Bxe4 18. fxe4 Qf6 19. Kb1 Qf4 20. Nh3
Qxd2 21. Rxd2 h6 22. Rf2 Rxf2 23. Nxf2 Nc8 24. h5 {(scoresheet: "24.Nf2")} Rf6
25. Rh2 Nd6 26. Kc2 Rf4 27. Kd2 b6 28. Ke3 Nf7 29. Rg2 Ng5 {(see 24)} 30. Be2
Nf7 31. Bg4 Nd6 32. b3 Kh7 33. Bf3 Rf6 34. Nd3 Rf7 35. Rg6 Re7 36. Bg4 Rf7 37.
Bh3 Bf6 {[#]} 38. Rxf6 Rxf6 39. Nxe5 Kg7 40. Be6 Rf1 41. Nf3 Rh1 42. e5 Nf7 43.
Bg4 Ra1 44. e6 Nd6 45. Ne5 Kf6 46. Nc6 Nc8 47. Nd8 Rxa2 48. Nf7 Kg7 49. Kf4 Rb2
50. Ke5 Rxb3 51. d6 cxd6+ 52. Kd5 Rd3+ 53. Kc6 Ne7+ 54. Kd7 Ng8 55. Bf5 Rf3 56.
Nxd6 Kf8 57. Nc8 a4 {[#]} 58. Nxb6 a3 59. Bb1 Rb3 0-1